Diseño de una Máquina Sembradora-Fertilizadora de Papa (solanum Tuberosum) y Jengibre (Zenggiber Officinale Roscoe) accionada contracción animal
El propósito de este trabajo es el de facilitar el diseño de una máquina sembradora- fertilizadora de papa (solanum tuberosum) y jengibre (zenggiber officinale roscoe) accionada con tracción animal, que ofrezca mayor velocidad de avance en la siembra con una considerable reducción de mano de ob...
| Main Authors: | , |
|---|---|
| Other Authors: | |
| Format: | Tesis Section = Libro |
| Language: | Undetermined Spanish |
| Published: |
Managua
UNI
1997
|
| Subjects: |
| LEADER | 01189nam a2200253Ia 4500 | ||
|---|---|---|---|
| 008 | 240830s9999 xx 000 0 und d | ||
| 040 | |a BIBLIOTECA-RUPAP MON 621.815 B562 | ||
| 041 | |a spa | ||
| 082 | |a MON 621.815 B562 | ||
| 100 | 1 | |a Betanco Tercero, Blanca Lila | |
| 100 | 1 | |b Castro Hernández, Rolando José | |
| 245 | 1 | 0 | |a Diseño de una Máquina Sembradora-Fertilizadora de Papa (solanum Tuberosum) y Jengibre (Zenggiber Officinale Roscoe) accionada contracción animal |
| 260 | |a Managua |b UNI |c 1997 | ||
| 300 | |a 104 p. :il. | ||
| 500 | |a Contiene: figuras, planos y tablas | ||
| 502 | |a Tesis (Ingeniero Agrícola)- UNI, 1997. | ||
| 520 | 3 | |a El propósito de este trabajo es el de facilitar el diseño de una máquina sembradora- fertilizadora de papa (solanum tuberosum) y jengibre (zenggiber officinale roscoe) accionada con tracción animal, que ofrezca mayor velocidad de avance en la siembra con una considerable reducción de mano de obra en el momento de la misma. | |
| 650 | 7 | |a DISEÑO DE MAQUINARIAS | |
| 650 | 7 | |b MAQUINARIA AGRICOLA | |
| 650 | 7 | |c MAQUINARIA. | |
| 700 | 1 | |a Tutor: |b Alvarado Munguía, Aldo | |
| 942 | |c BK |2 ddc | ||
| 991 | |a TESIS | ||
| 999 | |c 15805 | ||